| 000 | 00771cam a2200241 a 4500 | ||
|---|---|---|---|
| 999 |
_c2970 _d2970 |
||
| 001 | 15826 | ||
| 003 | BD-DhUAP | ||
| 005 | 20210130162800.0 | ||
| 008 | 200301s1998 bg abf b f000 0 eng | ||
| 020 | _a9780143068785 | ||
| 020 | _a0143068784 | ||
| 040 |
_aBD-DhUAP _cBD-DhUAP _dBD-DhUAP _bEng |
||
| 082 |
_a724.6 COR _223 |
||
| 100 | _aCorrea, Charles. | ||
| 245 |
_aA place in the shade : _bthe new landscape & other essays / _cCharles Correa. |
||
| 260 |
_aNew Delhi : _bPenguin Books India, _cc2010. |
||
| 300 |
_a246 pages : _billustrations ; _c22 cm. |
||
| 504 | _aIncludes bibliographical references and index. | ||
| 650 |
_aArchitecture _zIndia. |
||
| 650 |
_aUrbanization _zIndia. |
||
| 942 |
_2ddc _cBK |
||